[Event "45th Olympiad 2024"]
[Site "Budapest HUN"]
[Date "2024.09.21"]
[Round "10.52"]
[Board "3"]
[White "Bodemar, Jonathan"]
[Black "Kebede, Yoseph Kifle"]
[Result "1-0"]
[WhiteElo "2195"]
[BlackElo "2037"]
[PlyCount "69"]
[EventDate "2024.09.11"]
[WhiteTeam "Thailand"]
[BlackTeam "Ethiopia"]
[WhiteTeamCountry "THA"]
[BlackTeamCountry "ETH"]

1. e4 c6 2. d4 d5 3. exd5 cxd5 4. Bd3 Nf6 5. c3 Nc6 6. Bf4 Bg4 7. Qb3 e5 8. dxe5 Nh5 9. Be3 Nxe5 10. Bb5+ Nc6 11. Nd2 ({RR} 11. h3 Be6 12. Qd1 Nf6 13. Nf3 Bd6 14. O-O O-O 15. Nbd2 Qd7 16. Re1 a6 17. Bf1 Rac8 18. Nb3 Ne4 19. Nbd4 Bb8 20. Qc1 Qd6 21. Ne2 d4 22. Bf4 Qc5 23. Nexd4 Bd5 24. Bxb8 Rxb8 25. Qf4 Rbe8 {0-1 Wei,Y (2743)-Navara,D (2740) Yancheng m playoff blitz 2018 (2)}) 11... a6 ({RR} 11... Be7 12. Ngf3 O-O 13. O-O Bd6 14. Rfe1 Ne5 15. Nxe5 Bxe5 16. h3 Be6 17. Qd1 d4 18. cxd4 Bxd4 19. Qxh5 Bxe3 20. Rxe3 Qxd2 21. Bd3 g6 22. Qe2 Qxe2 23. Rxe2 Rfd8 24. Be4 Rd7 25. a3 Rc8 26. Rae1 {½-½ Akman,O (1977)-Burcu,C (2303) Satranc Arena IM Chess 3 2024 (7.4)}) 12. Be2 Bxe2 13. Nxe2 Na5 $146 ({RR} 13... b5 14. Nf3 Na5 15. Qc2 Nc4 16. Bd4 Be7 17. b3 Nd6 18. O-O O-O 19. Rad1 Ne4 20. Ne5 Qc7 21. f3 Ng5 22. Ng4 f5 23. Ne3 Bd6 24. g3 Qf7 25. Kg2 f4 26. Ng4 fxg3 27. hxg3 Nxf3 28. Qd3 {½-½ Trifoi,M (1953)-Paraschiv,P (1846) ch-ROU Women 2023 (8.6)}) 14. Qc2 Be7 15. O-O O-O 16. Rad1 Qd7 17. Nf3 Nc4 18. Bc1 Rac8 19. Ned4 g6 20. Qd3 Rfd8 21. Rfe1 b5 22. b3 Nd6 23. Ne5 Qb7 24. Ndc6 Ne4 25. Nxd8 Rxd8 26. Bh6 Qc7 27. Nc6 Qxc6 28. Rxe4 Bf6 29. Re3 Ng7 30. Bxg7 Kxg7 31. h3 d4 32. cxd4 Bxd4 33. Qe2 Bxe3 34. Rxd8 Qc1+ 35. Rd1 1-0

[Event "45th Olympiad 2024"]
[Site "Budapest HUN"]
[Date "2024.09.21"]
[Round "10.52"]
[Board "4"]
[White "Shiferaw, Yalemzewde Mekonnen"]
[Black "Teerapabpaisit, Wisuwat"]
[Result "0-1"]
[WhiteElo "2025"]
[BlackElo "2070"]
[PlyCount "74"]
[EventDate "2024.09.11"]
[WhiteTeam "Ethiopia"]
[BlackTeam "Thailand"]
[WhiteTeamCountry "ETH"]
[BlackTeamCountry "THA"]

1. c4 e5 2. g3 d6 3. Bg2 f5 4. d4 Be7 5. Nc3 Nf6 6. Nf3 e4 7. Ng5 c6 8. Qb3 $146 ({RR} 8. Qa4 O-O 9. h4 d5 10. c5 b6 11. b4 a5 12. Bf4 Bd7 13. O-O b5 14. Qb3 a4 15. Qd1 Nh5 16. Be5 Bxg5 17. hxg5 f4 18. Bd6 Rf7 19. g6 hxg6 20. Kh2 Qg5 21. Qe1 Na6 22. Rh1 Re8 {0-1 Basjuni,S-Szabo,L Zonal Marianske Lazne 1951 (1)}) ({RR} 8. d5 Nxd5 9. Ngxe4 Nb6 10. Nd2 Bf6 11. O-O O-O 12. Qc2 Be6 13. b3 d5 14. Bb2 dxc4 15. bxc4 Nxc4 16. Nxc4 Bxc4 17. Rad1 Qe7 18. Ne4 Bxb2 19. Qxc4+ Kh8 20. Nd6 Na6 21. Qb3 Be5 22. Nxb7 Nb4 {1-0 Ding,L (2777)-Sjugirov,S (2650) Wch Blitz Riadh 2017 (9)}) ({RR} 8. d5 Ng4 9. Nh3 Ne5 10. b3 Bf6 11. Bd2 O-O 12. O-O Re8 13. Rc1 Nbd7 14. Nf4 Nf8 15. dxc6 bxc6 16. Be3 Ne6 17. Qd2 Ng4 18. Nxe6 Rxe6 19. Bf4 g5 20. Be3 Nxe3 21. fxe3 Bxc3 22. Qxc3 Re5 {½-½ Kozak,A (2566)-Neugebauer,M (2529) TCh-CZE Extraliga 2023-24 (6.1)}) ({RR} 8. d5 Na6 9. O-O O-O 10. b3 Nc7 11. f3 Nfxd5 12. cxd5 Bxg5 13. dxc6 Bf6 14. Bb2 d5 15. cxb7 Bxb7 16. fxe4 dxe4 17. Qc2 Nd5 18. Nxd5 Qxd5 19. Rad1 Qb5 20. Bxf6 Rxf6 21. Qc7 Rc8 22. Qe7 Qb6+ {0-1 Rodrigue Lemieux,S (2276)-Tomashevsky,E (2706) Titled Tuesday intern op 21st July blitz 2020 (10)}) ({RR} 8. d5 O-O 9. O-O Na6 10. b3 Ng4 11. Nh3 Bf6 12. Bb2 Nc7 13. Nf4 Ne5 14. f3 exf3 15. exf3 c5 16. Re1 Bd7 17. Nh5 Be7 18. Rxe5 dxe5 19. d6 Be8 20. dxe7 Qxe7 21. f4 Rd8 22. Nd5 Nxd5 {1-0 Sadhwani,R (2545)-Seul,G (2372) Titled Tuesday intern op 14th April blitz 2020 (8)}) 8... O-O 9. Bf4 h6 10. c5+ d5 11. Nh3 b6 12. cxb6 Qxb6 13. Qxb6 axb6 14. O-O Nbd7 15. Rfc1 g5 16. Bd2 Ba6 17. e3 Kf7 18. Bf1 f4 19. Kh1 f3 20. a4 Bxf1 21. Rxf1 Bd6 22. Rfc1 Rfc8 23. b3 Ke6 24. Na2 Rc7 25. Rc2 Ng8 26. Rac1 Ne7 27. Nb4 Nb8 28. g4 Kd7 29. Ng1 Rc8 30. h4 Na6 31. Nxa6 Rxa6 32. Nh3 Rh8 33. Kg1 Raa8 34. h5 Rhc8 35. Kh1 Ng8 36. Rg1 Nf6 37. Bc1 b5 0-1

[Event "45th Olympiad 2024"]
[Site "Budapest HUN"]
[Date "2024.09.21"]
[Round "10.53"]
[Board "1"]
[White "Lam, Daniel King Wai"]
[Black "Sanchez Alvarez, Roberto Carlos"]
[Result "0-1"]
[WhiteElo "2088"]
[BlackElo "2376"]
[PlyCount "80"]
[EventDate "2024.09.11"]
[WhiteTeam "Hong Kong, China"]
[BlackTeam "Panama"]
[BlackTeamCountry "PAN"]

1. e4 {Szabo,Krisztian} c5 2. Nf3 d6 3. d4 cxd4 4. Nxd4 Nf6 5. Nc3 a6 6. Be3 e5 7. Nb3 Be6 8. f3 h5 9. Qd2 Nbd7 10. Nd5 Bxd5 ({RR} 10... Nxd5 11. exd5 Bf5) 11. exd5 g6 12. Na5 Qc7 13. c4 Bg7 14. Be2 e4 ({RR} 14... O-O) 15. O-O ({RR} 15. f4 Ng4 16. Bxg4 hxg4 17. O-O f5 18. Rab1 Nc5) 15... exf3 16. gxf3 ({RR} 16. Bxf3 O-O ({RR} 16... Ng4 17. Bf4)) 16... O-O 17. Rac1 Rfe8 18. b4 Kh7 ({RR} 18... Rxe3 19. Qxe3 Re8 20. Qd2 ({RR} 20. Qf2 Bh6 21. f4 Re4 ({RR} 21... Ne4)) 20... Kh7 ({RR} 20... Qb6+ 21. Kh1 Bh6 22. f4 ({RR} 22. Qxh6 Rxe2) 22... Ne4) 21. Nb3 ({RR} 21. Kg2 Bh6 22. f4 Ne4 23. Qd3) 21... Bh6 22. f4 Ne4 23. Qe1 ({RR} 23. Qd3 Qb6+) 23... Ndf6 24. Bd3 Qd7 25. Rc2 Qh3 26. Qd1 ({RR} 26. Bxe4 Rxe4 27. Qc3 ({RR} 27. Qg3 Qf5) 27... Qf5 28. Nd4 Rxd4 29. Qxd4 Qxc2 30. Qxf6 Bg7 31. Qxf7 Qe2) ({RR} 26. Qe2 Nf2 ({RR} 26... Ng3 27. Qf3) 27. Bxg6+ fxg6 28. Qxf2 Re4 29. Nd2 Rxf4 30. Qe2) 26... Bxf4 27. Qf3 ({RR} 27. Rxf4 Qe3+ 28. Rff2 Nxf2 29. Rxf2 Ng4 30. Qf3 Nxf2 31. Qxf7+ Kh8 32. Qf6+) 27... Qxf3 28. Rxf3 Ng5 29. Rf1 ({RR} 29. Rxf4 Nh3+) 29... Re3 30. Nc1 ({RR} 30. Be2) 30... Ng4 31. c5 dxc5 32. bxc5 Re8 ({RR} 32... Be5 33. c6 ({RR} 33. d6 Rh3 34. d7 Bxh2+ 35. Kg2 ({RR} 35. Rxh2 Rxh2 36. d8=Q Nh3#) 35... Ne3+ 36. Kf2 Bc7) 33... bxc6 34. dxc6 Bc7 35. Re2 Rh3) 33. h4 {½-½ Caruana,F (2844)-Gelfand,B (2748) Baku FIDE GP 2014 (2)} ({RR} 33. Kh1 Ne3 ({RR} 33... Nh3 34. Kg2) ({RR} 33... Be3 34. c6) 34. Re2)) ({RR} 18... Re7 19. Bf4 Rae8 20. Rf2) 19. Bf4 Qb6+ $146 ({RR} 19... Nb6 20. Bd3 Qd7 21. Rfe1 Rac8 22. Qf2 Qc7 23. Qg3 Rxe1+ 24. Rxe1 Re8 25. Rxe8 Nxe8 26. Qg5 Nf6 27. Qg3 Nc8 28. a3 Qd7 29. Bf1 Ne8 30. Bh3 f5 31. Qe1 Bd4+ 32. Kh1 Ng7 33. Qd1 Bf6 34. c5 {½-½ Feygin,M (2456)-Heinemann,T (2495) Bundesliga 2122 2022 (8.7)}) ({RR} 19... Ne5 20. c5 dxc5 21. d6 Qd7 22. bxc5 Rac8 23. Kg2 Nc6 24. Nc4 Qf5 25. Nb6 Rcd8 26. Bd3 Ne4 27. fxe4 Qg4+ 28. Bg3 Nd4 29. Rxf7 h4 30. Nd5 Re6 31. Rf4 h3+ 32. Kh1 Nf3 33. Qe3 Qg5 34. Qxf3 {1-0 Terletsky,O (2307)-Kavyev,R (2327) Titled Tuesday intern op 28th Apr blitz 2020 (3)}) 20. Kg2 h4 21. Rc2 Rac8 22. Kh1 Nh5 23. Bg5 h3 24. f4 Nhf6 25. Bf3 Ne4 26. Bxe4 Rxe4 27. f5 Rce8 28. Qd3 Kg8 29. fxg6 fxg6 30. Qxh3 Re1 31. Rc1 Rxc1 32. Bxc1 Ne5 33. a3 Qd4 34. Qe3 Qh4 35. Qf2 Qh5 36. Qg2 Nd3 37. Bf4 Re2 38. Qf3 Nxf4 39. Qxf4 g5 40. Qxd6 Qh3 0-1

[Event "45th Olympiad 2024"]
[Site "Budapest HUN"]
[Date "2024.09.21"]
[Round "10.53"]
[Board "2"]
[White "Delgado Rosas, Alex Antonio"]
[Black "Chan, Pui Yin Brandon"]
[Result "0-1"]
[WhiteElo "2157"]
[BlackElo "2016"]
[PlyCount "90"]
[EventDate "2024.09.11"]
[WhiteTeam "Panama"]
[BlackTeam "Hong Kong, China"]
[WhiteTeamCountry "PAN"]

1. d4 d5 2. Bf4 Nf6 3. e3 c5 4. Nf3 Nc6 5. Nbd2 e6 6. c3 cxd4 7. exd4 Nh5 8. Bg3 Nxg3 9. hxg3 g6 10. Bd3 Bg7 11. g4 $146 ({RR} 11. Qe2 O-O 12. Ne5 Qc7 13. f4 f6 14. Nxc6 Qxc6 15. O-O Bd7 16. Rae1 Qd6 17. Nf3 a6 18. g4 Rfe8 19. g5 f5 20. g3 b5 21. a3 Rab8 22. b4 Rec8 23. Rc1 Rc6 24. Rc2 Rbc8 25. Rfc1 Qc7 {½-½ Dasgupta,A (1741)-Nel,H (1191) World ol U16 2022 (4.14)}) ({RR} 11. O-O O-O 12. Re1 h5 13. Qe2 Bd7 14. Ne5 Nxe5 15. dxe5 b5 16. Nf3 Rb8 17. a3 a5 18. b4 Qc7 19. Rac1 Rfc8 20. Nd4 Qb6 21. Qe3 Rc7 22. Nb3 Qxe3 23. Rxe3 Bh6 24. f4 h4 25. Kf2 hxg3+ {0-1 Kamsky,G (2662)-Sadhwani,R (2609) Speed Chess GP3 blitz 2021 (6)}) ({RR} 11. O-O O-O 12. Re1 Rb8 13. a4 a6 14. Nb3 b5 15. Nc5 Qb6 16. b4 Re8 17. a5 Qc7 18. Bf1 Ra8 19. Qb3 Bb7 20. Rad1 Rad8 21. Re2 Qc8 22. Red2 Ba8 23. Be2 Re7 24. Kf1 Rde8 25. Nd3 f6 {0-1 Rajendran,I (1806)-Frank,A (1996) Reykjavik Open 2024 (9.111)}) ({RR} 11. Qe2 Bd7 12. O-O-O Qc7 13. Kb1 h6 14. Rc1 O-O-O 15. c4 Kb8 16. Nb3 dxc4 17. Rxc4 Qb6 18. Qd2 Bc8 19. Qf4+ Qc7 20. Qxc7+ Kxc7 21. Be4 Bd7 22. Nc5 Be8 23. Rhc1 Rd6 24. Nxb7 Kxb7 25. Ne5 Bxe5 {0-1 Kabwe,T (2141)-Chumfwa,K (2251) ZAM-ch Lusaka 2018 (4)}) ({RR} 11. Qc2 Bd7 12. O-O-O Qa5 13. Kb1 Rc8 14. Nb3 Qa4 15. Qe2 Ne7 16. g4 b6 17. Ng5 h6 18. Nf3 O-O 19. Ne5 Rfd8 20. Rh3 Be8 21. Rdh1 a5 22. Qd2 f6 23. Nf3 Qd7 24. g5 fxg5 25. Ne5 Qc7 {1-0 Barchuk,I (2049)-Avila Rodriguez,J (2239) Titled Tue 29th Aug Early 2023 (5)}) 11... O-O 12. g5 Re8 13. Kf1 e5 14. dxe5 Nxe5 15. Nxe5 Rxe5 16. Qa4 d4 17. Nf3 Ra5 18. Qb3 Be6 19. c4 b5 20. Re1 bxc4 21. Bxc4 Rb8 22. Qd3 Bxc4 23. Qxc4 Rxb2 24. Qc6 Rb8 25. Rh4 Qc8 26. Qd6 Qa6+ 27. Qxa6 Rxa6 28. Rhe4 f5 29. Re7 Rxa2 30. Rd7 Bf8 31. Kg1 d3 32. Rxd3 Bc5 33. Re5 Bxf2+ 34. Kh2 Rab2 35. Red5 R2b7 36. Ne5 Rb4 37. Rd8+ Rxd8 38. Rxd8+ Kg7 39. Rd7+ Kf8 40. Rxh7 Kg8 41. Rh3 Rh4 42. Nxg6 Rxh3+ 43. gxh3 a5 44. Ne5 a4 45. Nc4 Bh4 0-1

[Event "45th Olympiad 2024"]
[Site "Budapest HUN"]
[Date "2024.09.21"]
[Round "10.53"]
[Board "3"]
[White "Chan, Wang Ip Boris"]
[Black "Baules Rodriguez, Jorge Luis"]
[Result "0-1"]
[WhiteElo "2016"]
[BlackElo "2271"]
[PlyCount "72"]
[EventDate "2024.09.11"]
[WhiteTeam "Hong Kong, China"]
[BlackTeam "Panama"]
[BlackTeamCountry "PAN"]

1. e4 c5 2. Nf3 Nc6 3. d4 cxd4 4. Nxd4 Qb6 5. Nb3 Nf6 6. Nc3 e6 7. a3 Be7 8. Be2 O-O 9. Be3 ({RR} 9. O-O d6 10. Be3 Qc7 11. f4 a6 12. g4 Nd7 13. g5 b5 14. Bd3 b4 15. axb4 Nxb4 16. f5 exf5 17. exf5 Nxd3 18. cxd3 Re8 19. f6 Bf8 20. fxg7 Bxg7 21. Qh5 Bb7 22. Qxf7+ Kh8 23. Bd4 Bxd4+ {0-1 Lederman,L (2196)-Ceschia,I (2180) World Senior Teams +65 2024 (3.4)}) 9... Qc7 10. f4 d5 11. e5 Ne4 $146 ({RR} 11... Ne8 12. O-O f6 13. exf6 Bxf6 14. f5 d4 15. Bf4 e5 16. Bc4+ Kh8 17. Nd5 Qd8 18. Nxf6 Qxf6 19. Bd2 Nd6 20. Bd5 Bxf5 21. Nc5 Qg6 22. Qe2 Rae8 23. Bxc6 bxc6 24. Nd3 Nc4 25. Bb4 Rf6 26. Nf4 {0-1 Nadig,K (2241)-Soumya,S (2293) Wch U20 Girls 2008 (7)}) 12. Nxe4 dxe4 13. O-O Rd8 14. Qb1 b6 15. c3 Bb7 16. Qc2 Bf8 17. Nd2 Nd4 18. Bxd4 Rxd4 19. Nb3 Rdd8 20. Rad1 Bc5+ 21. Kh1 Be3 22. Rxd8+ Rxd8 23. c4 g5 24. fxg5 Qxe5 25. Bh5 Rd7 26. Qe2 Qxg5 27. c5 Bd5 28. Qb5 Qxh5 29. Qxd7 Bf4 30. Qd8+ Kg7 31. h4 Qg4 32. Nd4 e3 33. Nxe6+ fxe6 34. Qe7+ Kh6 35. Qf6+ Kh5 36. Qf7+ Qg6 0-1

[Event "45th Olympiad 2024"]
[Site "Budapest HUN"]
[Date "2024.09.21"]
[Round "10.53"]
[Board "4"]
[White "Schnell, Sebastian Narayana"]
[Black "Li, Yiheng"]
[Result "1/2-1/2"]
[WhiteElo "2059"]
[BlackElo "1893"]
[PlyCount "115"]
[EventDate "2024.09.11"]
[WhiteTeam "Panama"]
[BlackTeam "Hong Kong, China"]
[WhiteTeamCountry "PAN"]

1. d4 d5 2. c4 e6 3. Nf3 Nf6 4. g3 dxc4 5. Bg2 c5 6. Qa4+ Bd7 7. Qxc4 b5 8. Qd3 c4 ({RR} 8... Na6 9. O-O Rc8 10. e4 cxd4 11. Nxd4 Qb6 12. e5 Nb4 13. Qd1 Nfd5 14. a3 Rxc1 15. Qxc1 Nd3 16. Qd2 Qxd4 17. Rd1 Bc5 18. Qxd3 Qxf2+ 19. Kh1 Bc6 20. Nc3 Qxg2+ 21. Kxg2 Nf4+ 22. Kf1 Nxd3 23. Rxd3 {½-½ Santiago,Y (2467)-Ribeiro,M (2177) Sampa Chess Open 2024 (9.6)}) 9. Qc2 Nc6 10. O-O Rc8 11. e4 $146 ({RR} 11. Bg5 Be7 12. e4 h6 13. Bxf6 Bxf6 14. Qd2 Qb6 15. Rd1 O-O 16. Nc3 b4 17. Ne2 Na5 18. e5 Be7 19. d5 Bc5 20. Nfd4 Ba4 21. Rf1 exd5 22. Nf5 d4 23. Nf4 Rfd8 24. e6 fxe6 25. Nxg7 Kxg7 {0-1 Hilverda,A (2292)-Waldhausen Gordon,F (2154) 26th Schloss Open 2023 (5.4)}) 11... Be7 12. Rd1 O-O 13. h4 Nb4 14. Qe2 Nd3 15. Ne5 Nxc1 16. Rxc1 Qb6 17. Nxd7 Nxd7 18. Rd1 e5 19. Nc3 exd4 20. Nd5 Qd8 21. Rxd4 Bc5 22. Rd2 Ne5 23. Kh2 Nd3 24. f4 Qa5 25. a3 b4 26. Rc2 Qa6 27. Qd1 b3 28. Rd2 Rfe8 29. e5 Red8 30. Qh5 Qg6 31. Qe2 Qe6 32. Nc3 Nf2 33. Ne4 Nxe4 34. Bxe4 Bd4 35. Rad1 Qb6 36. Bf5 c3 37. bxc3 Bxc3 38. Bxc8 Bxd2 39. Bf5 Bc3 40. Rxd8+ Qxd8 41. e6 fxe6 42. Qxe6+ Kh8 43. Qxb3 Bf6 44. Qf7 Qe7 45. Qh5 h6 46. Qf3 Kg8 47. Qd5+ Kf8 48. Qd3 Qc7 49. Bg6 Ke7 50. Qd5 Qb6 51. Qe4+ Kd6 52. Bf7 Qb2+ 53. Kh3 Qxa3 54. Qe6+ Kc7 55. Qc4+ Kd6 56. Qe6+ Kc7 57. Qc4+ Kd6 58. Qe6+ 1/2-1/2

[Event "45th Olympiad 2024"]
[Site "Budapest HUN"]
[Date "2024.09.21"]
[Round "10.54"]
[Board "1"]
[White "Johnson, Joshua"]
[Black "Asabri, Hussien"]
[Result "0-1"]
[WhiteElo "2267"]
[BlackElo "2196"]
[PlyCount "98"]
[EventDate "2024.09.11"]
[WhiteTeam "Trinidad & Tobago"]
[BlackTeam "Libya"]
[BlackTeamCountry "LBY"]

1. e4 Nc6 2. Nf3 e5 3. Bc4 Nf6 4. d3 Bc5 5. O-O d6 6. c3 a6 7. Re1 Ba7 8. a4 h6 9. Nbd2 O-O 10. h3 Nh5 ({RR} 10... Re8 11. b4 Be6 12. Bxe6 Rxe6 13. Rb1 b5 14. Ra1 d5 15. Qc2 Bb6 16. Nb3 Qe8 17. a5 Ba7 18. Be3 Bxe3 19. Rxe3 dxe4 20. dxe4 Rd6 21. Ree1 Nd7 22. Rad1 Qe6 23. Nfd2 Rd8 24. Nf1 Nf6 25. Nc5 {1-0 Nepomniachtchi,I (2773)-Giri,A (2773) Chess.com Rapid Wk12 KO 2022 (1.1)}) 11. Nf1 Qf6 12. b4 Ne7 $146 ({RR} 12... Nf4 13. Be3 g6 14. Bxa7 Rxa7 15. Ne3 Ne7 16. b5 axb5 17. axb5 Rxa1 18. Qxa1 Nxh3+ 19. Kf1 Nf4 20. Qa7 g5 21. Ra1 g4 22. Ng1 h5 23. Qb8 c6 24. bxc6 bxc6 25. Ra8 h4 26. Ba6 Qe6 27. Nf5 {0-1 Cruz Mendez,J (2180)-Rostovtsev,D (2252) Titled Tue 6th Feb Late 2024 (5)}) ({RR} 12... Be6 13. Bxe6 fxe6 14. Ra2 Nf4 15. Bxf4 Qxf4 16. N1h2 Qf7 17. g3 Qg6 18. Kg2 b5 19. Qa1 Qe8 20. Qb2 Bb6 21. Qb3 Qf7 22. Rd1 Rab8 23. Rc2 Ba7 24. axb5 axb5 25. d4 Qf6 26. Rd3 h5 27. d5 {0-1 Hernandez Gil,I (2158)-Muniz Guevara,A (2057) ch-CUB w 2023 (1.1)}) 13. Ra2 Ng6 14. Kh2 Nhf4 15. Be3 c6 16. Bxa7 Rxa7 17. d4 Ra8 18. Rd2 b5 19. Bb3 a5 20. Re3 Be6 21. Bxe6 Qxe6 22. axb5 cxb5 23. bxa5 Rxa5 24. dxe5 dxe5 25. Ng3 Rfa8 26. Rd8+ Kh7 27. Rxa8 Rxa8 28. Nf5 Ra2 29. Kg1 Qa6 30. Re1 Qa7 31. Ne3 Ne2+ 32. Rxe2 Ra1 33. Re1 Rxd1 34. Nxd1 Qa1 35. g3 Qc1 36. Kf1 f6 37. Ke2 Nf8 38. Ne3 Qxc3 39. Rb1 b4 40. Nd5 Qc4+ 41. Ke3 b3 42. Nd2 Qd4+ 43. Ke2 b2 44. Ne3 Ne6 45. Nd1 Qd7 46. Rxb2 Nd4+ 47. Ke3 Qa4 48. Nc3 Qa3 49. Nc4 Qxc3# 0-1

[Event "45th Olympiad 2024"]
[Site "Budapest HUN"]
[Date "2024.09.21"]
[Round "10.54"]
[Board "2"]
[White "Alhassadi, Yousef A."]
[Black "Cabralis, Quinn"]
[Result "1-0"]
[WhiteElo "2082"]
[BlackElo "2169"]
[PlyCount "67"]
[EventDate "2024.09.11"]
[WhiteTeam "Libya"]
[BlackTeam "Trinidad & Tobago"]
[WhiteTeamCountry "LBY"]

1. e4 c5 2. c3 d5 3. exd5 Qxd5 4. Nf3 Nc6 5. Na3 Bf5 6. Bc4 Qe4+ 7. Be2 ({RR} 7. Qe2 Qxe2+ 8. Kxe2 e6 9. d4 O-O-O 10. Be3 cxd4 11. Nxd4 Nxd4+ 12. Bxd4 Kb8 13. Be5+ Ka8 14. Rhd1 Rc8 15. Nb5 a6 16. Nc7+ Ka7 17. Rd7 f6 18. Bd4+ Kb8 19. Nxa6+ bxa6 20. Bxa6 Re8 21. Ba7+ Ka8 {1-0 Carnicelli,V (2427)-Smith,G (2029) Titled Tue 30th Jan Late 2024 (2)}) 7... e6 8. O-O Be7 9. Nc4 $146 ({RR} 9. d3 Qd5 10. Nc4 Nf6 11. Ne3 Qd7 12. Nxf5 exf5 13. d4 cxd4 14. Nxd4 Nxd4 15. Qxd4 Qxd4 16. cxd4 O-O 17. Be3 Nd5 18. Bf3 Rad8 19. Bxd5 Rxd5 20. Rac1 Bd6 21. g3 h6 22. Rfe1 Re8 23. Kf1 g5 {0-1 Zelbel,P (2377)-Dubessay,B (2384) Mitropa Cup 31st 2012 (4)}) 9... O-O-O 10. d3 Qd5 11. Bf4 f6 12. Qa4 e5 13. Ne3 Qd7 14. Nxf5 Qxf5 15. Be3 Kb8 16. Qc4 g5 17. a4 Qd7 18. a5 Qd5 19. Qa4 Nh6 20. a6 b6 21. Nxg5 Rc8 22. Bf3 Qd7 23. Ne4 Nf7 24. Qb3 Ncd8 25. Ra5 Qe6 26. c4 Nc6 27. Rb5 Kc7 28. Nxc5 bxc5 29. Bd5 Qg4 30. Rb7+ Kd8 31. Qa4 Nd6 32. Bxc6 Nxb7 33. axb7 Rb8 34. Qa5# 1-0

[Event "45th Olympiad 2024"]
[Site "Budapest HUN"]
[Date "2024.09.21"]
[Round "10.54"]
[Board "3"]
[White "Cupid, Kevin"]
[Black "Naser Eldean, Ahmed"]
[Result "1-0"]
[WhiteElo "2201"]
[BlackElo "1981"]
[PlyCount "82"]
[EventDate "2024.09.11"]
[WhiteTeam "Trinidad & Tobago"]
[BlackTeam "Libya"]
[BlackTeamCountry "LBY"]

1. d4 Nf6 2. Nf3 g6 3. Nbd2 Bg7 4. e4 d6 5. Bb5+ c6 6. Bd3 Nbd7 7. O-O e5 8. c3 O-O 9. Re1 Re8 ({RR} 9... Nh5 10. Nc4 Qe7 11. Bg5 f6 12. Bh4 Nf4 13. Bf1 Rd8 14. Qb3 Kh8 15. Rad1 g5 16. Bg3 Nf8 17. Ne3 Be6 18. Qa3 Qf7 19. dxe5 dxe5 20. Rxd8 Rxd8 21. Qxa7 N8g6 22. Qa5 Rg8 23. Nf5 Bf8 24. Rd1 {½-½ Fressinet,L (2652)-Amin,B (2694) Julius Baer Play-In 2023 (8.18)}) 10. a4 Qc7 11. b3 $146 ({RR} 11. a5 Nh5 12. Nc4 Ndf6 13. dxe5 dxe5 14. Bf1 Bg4 15. h3 Rad8 16. Qe2 Bc8 17. Qc2 Nd7 18. Be3 b5 19. axb6 axb6 20. Qb3 b5 21. Na5 Bf8 22. c4 b4 23. c5 Nxc5 24. Qc2 b3 25. Nxb3 Ne6 {0-1 Perez de Miguel,A (2279)-Teterev,V (2344) Titled Tue 2nd May Early 2023 (2)}) ({RR} 11. h3 Nf8 12. Nc4 N6d7 13. Bf1 Ne6 14. d5 cxd5 15. Qxd5 Bf8 16. Qd1 b6 17. Ne3 Bb7 18. Nd5 Bxd5 19. Qxd5 Nf6 20. Qc4 Qb7 21. a5 Nc5 22. a6 Qd7 23. Qb4 Qc7 24. Bb5 Rec8 25. Qc4 Qe7 {1-0 Van den Doel,E (2557)-Aravindhan,A (2131) 49th OKU 2024 (6.4)}) ({RR} 11. a5 Rb8 12. Nf1 b5 13. axb6 axb6 14. Bg5 h6 15. Bd2 Nf8 16. h3 Ne6 17. Ng3 Nf4 18. Bxf4 exf4 19. Nf1 g5 20. N1d2 Be6 21. Qc2 Ra8 22. Rxa8 Rxa8 23. Bc4 d5 24. exd5 Nxd5 25. Bd3 Ne7 {1-0 Moradiabadi,E (2539)-Hillarp Persson,T (2537) Rilton Cup 49th 2019 (4)}) 11... d5 12. Nxe5 Nxe5 13. dxe5 Nxe4 14. Bxe4 dxe4 15. Nxe4 Rd8 16. Qf3 Bxe5 17. Bg5 Rf8 18. Bh6 Bg7 19. Nf6+ Kh8 20. Bxg7+ Kxg7 21. Ne8+ Rxe8 22. Rxe8 Bg4 23. Qe3 Rxe8 24. Qxe8 Be6 25. h3 Qe5 26. Rc1 Qg5 27. Re1 Qd2 28. Re3 Qd1+ 29. Kh2 Qxb3 30. Qe7 a5 31. Qh4 Qd1 32. Qf4 Qd5 33. Qc7 Qf5 34. Rf3 Qg5 35. Rg3 Qf5 36. Rf3 Qg5 37. Rg3 Qf5 38. Qxb7 Qe4 39. Qb2 Qxa4 40. c4+ Kg8 41. Rd3 Kf8 1-0

[Event "45th Olympiad 2024"]
[Site "Budapest HUN"]
[Date "2024.09.21"]
[Round "10.54"]
[Board "4"]
[White "Abugenda, Nagi"]
[Black "Harper, Ryan"]
[Result "1/2-1/2"]
[WhiteElo "1975"]
[BlackElo "2124"]
[PlyCount "120"]
[EventDate "2024.09.11"]
[WhiteTeam "Libya"]
[BlackTeam "Trinidad & Tobago"]
[WhiteTeamCountry "LBY"]

1. e4 e5 2. Bc4 Nc6 3. Nc3 Nf6 4. d3 Na5 5. Bg5 c6 6. a3 Nxc4 7. dxc4 h6 8. Bh4 d6 9. Qd3 Be6 10. Nge2 g5 $146 ({RR} 10... Be7 11. b3 g5 12. Bg3 Qa5 13. f3 O-O-O 14. O-O Kb8 15. Rfb1 h5 16. Bf2 Nd7 17. a4 Rc8 18. b4 Qd8 19. a5 g4 {½-½ Mas,H (2422)-Adams,M (2728) Olympiad-39 Khanty-Mansiysk 2010 (1.1)}) ({RR} 10... Be7 11. O-O g5 12. Bg3 Nh5 13. f3 Nf4 14. Bxf4 gxf4 15. Kh1 Qd7 16. b4 h5 17. b5 h4 18. Rab1 Rd8 19. Rfd1 Qc8 20. a4 Qc7 21. Rb2 f6 22. Rdb1 Kf7 23. bxc6 bxc6 24. Rb7 Qa5 25. Qd2 {0-1 Carvajal Gorgona,J (2186)-Arias Santana,M (2345) CRI-ch San Jose 2010 (3)}) 11. Bg3 Nh5 12. O-O-O Qb6 13. h4 Nf4 14. Qd2 Rg8 15. hxg5 hxg5 16. f3 O-O-O 17. Nxf4 exf4 18. Bf2 Qa5 19. Rh5 Bxc4 20. Qd4 Be6 21. Qxa7 Qxa7 22. Bxa7 Kc7 23. Bd4 Be7 24. Rg1 g4 25. Ne2 gxf3 26. gxf3 c5 27. Bf2 Rxg1+ 28. Bxg1 Rg8 29. Bh2 Rg2 30. Nxf4 Bg5 31. Kd1 Bxf4 32. Bxf4 Kc6 33. Rh2 Rg1+ 34. Kd2 d5 35. b3 dxe4 36. fxe4 Rg4 37. Rf2 Rg1 38. a4 b5 39. axb5+ Kxb5 40. Rh2 Rg4 41. Rf2 c4 42. Kc3 cxb3 43. cxb3 Rg1 44. Rh2 Rg4 45. Rf2 Rg1 46. Bd6 Re1 47. e5 Re3+ 48. Kd4 Rxb3 49. Rh2 Rb1 50. Rd2 Kc6 51. Rc2+ Kd7 52. Rc7+ Kd8 53. Ra7 Rb5 54. Ke4 Rd5 55. Ra6 Rd1 56. Ra8+ Kd7 57. Ra7+ Kc8 58. Kf4 Rf1+ 59. Ke4 Re1+ 60. Kf4 Rf1+ 1/2-1/2

[Event "45th Olympiad 2024"]
[Site "Budapest HUN"]
[Date "2024.09.21"]
[Round "10.55"]
[Board "1"]
[White "El Jawich, Amro"]
[Black "Mfune, Petros"]
[Result "1-0"]
[WhiteElo "2296"]
[BlackElo "1986"]
[PlyCount "103"]
[EventDate "2024.09.11"]
[WhiteTeam "Lebanon"]
[BlackTeam "Malawi"]
[WhiteTeamCountry "LBN"]
[BlackTeamCountry "MWI"]

1. e4 d5 2. exd5 Nf6 3. d4 Nxd5 4. Nf3 Bg4 5. c4 Nb6 6. c5 Bxf3 7. Qxf3 Nd5 8. Bc4 c6 9. Nc3 e6 10. O-O Be7 ({RR} 10... Nxc3 11. bxc3 Be7 12. Rb1 Qc8 13. Qg3 O-O 14. Bh6 Bf6 15. Bf4 Nd7 16. Bd6 Re8 17. f4 Be7 18. f5 Bf6 19. fxe6 fxe6 20. Rbe1 Qd8 21. Bxe6+ Kh8 22. Qh3 Nf8 23. Bf5 Rxe1 24. Rxe1 g6 25. Bxf8 {1-0 Van Herck,M (1942)-Hansch,K (1878) World Senior Teams +65 2024 (1.3)}) 11. Rd1 ({RR} 11. Ne4 Nd7 12. Qg3 N5f6 13. Nd6+ Bxd6 14. Qxd6 Nf8 15. Bf4 Ng6 16. Qxd8+ Rxd8 17. Be3 Ne7 18. b4 Nf5 19. Rfd1 Nd5 20. Rd3 Nxb4 21. Rb3 a5 22. a3 Nc2 23. Ra2 Ncxd4 24. Rxb7 O-O 25. Bg5 Rb8 {1-0 Djurhuus,R (2484)-Lie,K (2227) NOR-chT 0001 2000 (2)}) 11... Nxc3 $146 ({RR} 11... Nd7 12. Bf4 Nxf4 13. Qxf4 Nf6 14. Rd3 O-O 15. Re1 Nd5 16. Bxd5 exd5 17. b4 Bg5 18. Qg3 Re8 19. Rxe8+ Qxe8 20. f4 Bf6 21. Kf1 Qd7 22. Ne2 Qf5 23. Qf3 Re8 24. g4 Qe6 25. g5 Bd8 26. Kf2 {½-½ Kreutzkamp,H (2220)-Maahs,E (2280) Hamburg-ch 1993}) 12. bxc3 O-O 13. Rb1 Qc8 14. h4 Bxh4 15. Rd3 Bf6 16. Bf4 Nd7 17. Bd6 Re8 18. Qf4 b5 19. Bb3 Nf8 20. Rh3 Ng6 21. Qg4 Be7 22. Qh5 Nf8 23. Be5 Qd8 24. Bc2 g6 25. Qf3 Rc8 26. a4 a6 27. axb5 axb5 28. Ra1 Ra8 29. Rxa8 Qxa8 30. Be4 Rc8 31. Qf4 Qa1+ 32. Kh2 Qe1 33. Re3 Qd2 34. Qf3 Ra8 35. Bxc6 Ra1 36. Bf6 Bxf6 37. Qxf6 Qd1 38. Rf3 Qh1+ 39. Kg3 Ra7 40. Be8 h5 41. Bxf7+ Kh7 42. c6 Kh6 43. Qf4+ Kg7 44. Qf6+ Kh6 45. Be8 Rg7 46. Qh4 Qxh4+ 47. Kxh4 g5+ 48. Kg3 Nh7 49. Rf7 h4+ 50. Kh2 Rg8 51. Bd7 Nf8 52. Rxf8 1-0